| 000 | 00842nam0a22002411 4500 | ||
|---|---|---|---|
| 001 | rc\341664 | ||
| 005 | 20250621045503.0 | ||
| 035 | _a(NLR Aleph) 005583536 | ||
| 090 |
_a6137537 _c6137537 |
||
| 100 | _a20030307d1989 |||y0rusy50 ca | ||
| 101 | 0 | _arus | |
| 102 | _aRU | ||
| 105 | _aa ||||||||| | ||
| 200 | 1 |
_aРАЗНОСТНЫЕ схемы _e[Сб. ст.] |
|
| 210 |
_aНовосибирск _cВЦ СО АН СССР _cИТПМ _d1989 |
||
| 215 |
_a162 с. _cил. _d20 |
||
| 225 | 1 |
_aМоделирование в механике _eСб. науч. тр. _fАН СССР. Сиб. отд-ние. ВЦ. Ин-т теорет. и прикл. механики _vТ. 3 (20) № 5 |
|
| 320 | _aБиблиогр. в конце ст. | ||
| 801 | 0 |
_aRU _bNLR _gpsbo |
|
| 801 | 1 |
_aRU _bELAR _2rusmarc |
|
| 852 |
_aNLR _jП7/1254 |
||
| 942 | _cBOOK | ||
| 980 | _aNB | ||